<The> Application of importance-performance analysis (IPA) in evaluating retail services

Na minha lista:
Detalhes bibliográficos
Autor principal: Lesáková, Dagmar, 1949-
Formato: Capítulo de Livro
Idioma:inglês
Assuntos:
Tags: Adicionar Tag
Sem tags, seja o primeiro a adicionar uma tag!

MARC

LEADER 00000naa$a2200000$$$4500
001 0223714
005 20240502083556.5
041 0 |a eng 
044 |a CZ 
245 1 0 |a <The> Application of importance-performance analysis (IPA) in evaluating retail services  |c Dagmar Lesáková 
610 2 0 |a potraviny 
610 2 0 |a nákup 
610 2 0 |a seniori 
610 2 0 |a správanie spotrebiteľa 
610 2 0 |a spokojnosť zákazníkov 
610 2 0 |a maloobchod 
610 2 0 |a služby obchodné 
100 1 |a Lesáková, Dagmar, 1949-